La littérature comparée : Histoire, domaines, méthodes (notice n° 2198627)

détails MARC
000 -LEADER
fixed length control field 01145cam a2200133 4500500
005 - DATE AND TIME OF LATEST TRANSACTION
control field 20260405085553.0
041 ## - LANGUAGE CODE
Language code of text/sound track or separate title fre
042 ## - AUTHENTICATION CODE
Authentication code dc
100 10 - MAIN ENTRY--PERSONAL NAME
Personal name Franco, Bernard
Relator term author
245 00 - TITLE STATEMENT
Title La littérature comparée : Histoire, domaines, méthodes
260 ## - PUBLICATION, DISTRIBUTION, ETC.
Name of publisher, distributor, etc. Armand Colin,<br/>
Date of publication, distribution, etc. 2016.<br/>
520 ## - SUMMARY, ETC.
Summary, etc. La littérature comparée est une discipline phare pour l’étudiant de lettres. Elle apparaît dans le cursus universitaire dès la première année. Cet ouvrage, destiné à tous, invite le lecteur à un voyage réflexif des sources de la littérature comparée aux pratiques contemporaines. Longtemps associée à l’histoire littéraire, puis partagée entre approches historiques et théoriques, elle a su redéfinir et diversifier ses méthodes et ses domaines, et se tourner vers une interdisciplinarité plus ouverte. Proche des transformations du monde, elle a été confrontée aux défis du multiculturalisme et de la mondialisation, et a aidé à repenser les grandes aires culturelles du monde postcolonial.
856 41 - ELECTRONIC LOCATION AND ACCESS
Uniform Resource Identifier <a href="https://shs.cairn.info/la-litterature-comparee--9782200272180?lang=fr&redirect-ssocas=7080">https://shs.cairn.info/la-litterature-comparee--9782200272180?lang=fr&redirect-ssocas=7080</a>

Pas d'exemplaire disponible.

PLUDOC

PLUDOC est la plateforme unique et centralisée de gestion des bibliothèques physiques et numériques de Guinée administré par le CEDUST. Elle est la plus grande base de données de ressources documentaires pour les Étudiants, Enseignants chercheurs et Chercheurs de Guinée.

Adresse

627 919 101/664 919 101

25 boulevard du commerce
Kaloum, Conakry, Guinée

Réseaux sociaux

Powered by Netsen Group @ 2025